| 000 | 00593nam a22001937a 4500 | ||
|---|---|---|---|
| 005 | 20170706110306.0 | ||
| 010 | _aENG-119115 | ||
| 020 |
_a9789351867746 _c400.00 |
||
| 035 | _aEN-102647 | ||
| 037 | _bDBAD/PUB | ||
| 082 | _a650.1 | ||
| 100 | _aHIill, Napoleon | ||
| 245 |
_aGO! navigate your way to success / _cby Napoleon Hill [and] George Harrison Phelps |
||
| 260 |
_bPrabhat prakashan _c2016 _aNew Delhi |
||
| 270 |
_a4/19 Asaf Ali Road, _bNew Delhi _e110002 |
||
| 300 |
_axi,212.p. _c22cm(Hb) |
||
| 700 | _aPhelps,George Harrison | ||
| 942 |
_2ddc _cEN _h650.1 _mHIL |
||
| 999 |
_c142319 _d142319 |
||